| 000 | 00795nam a2200289Ia 4500 | ||
|---|---|---|---|
| 001 | 8566 | ||
| 005 | 20240113234120.0 | ||
| 007 | ta | ||
| 008 | 050720s1985 a g b000 u eng u | ||
| 020 | _cHB | ||
| 040 | _aCotton College Assam | ||
| 041 | _aeng | ||
| 082 |
_a370.10 _bSh 61 Ph |
||
| 100 | _aShivarudrappa, G. . | ||
| 245 | 0 |
_aPhilosophical Approach to Education / _cG. Shivarudrappa, Dharwar. _hTextual Documents |
|
| 250 | _a1st ed. / | ||
| 260 |
_aBombay : _bHimalaya Publishing , _c1985. |
||
| 300 |
_av, 286p. : _bill. ; _c22cm . |
||
| 504 | _aBib. | ||
| 653 | _aEducation-Philosophical Approach | ||
| 653 | _aPhilosophical Approach-Education | ||
| 653 | _aPG-Education | ||
| 700 | _aDharwar, . | ||
| 942 |
_2ddc _cBK |
||
| 999 |
_c8553 _d8553 |
||